Applied animal nutrition : Feeds and feeding

محفوظ في:
التفاصيل البيبلوغرافية
المؤلف الرئيسي: Cheeke, Peter R.
التنسيق: كتاب
اللغة:Undetermined
منشور في: New Jersey Pearson Prentice Hall 2005
الموضوعات:
الوسوم: إضافة وسم
لا توجد وسوم, كن أول من يضع وسما على هذه التسجيلة!
Thư viện lưu trữ: Trung tâm Học liệu Trường Đại học Cần Thơ
LEADER 00560nam a2200205Ia 4500
001 CTU_117517
008 210402s9999 xx 000 0 und d
020 |c 75.94 
082 |a 636.085 
082 |b C515 
100 |a Cheeke, Peter R. 
245 0 |a Applied animal nutrition : 
245 0 |b Feeds and feeding 
245 0 |c Peter R. Cheeke 
260 |a New Jersey 
260 |b Pearson Prentice Hall 
260 |c 2005 
650 |a Animal feeding,Animal nutrition,Feeds 
904 |i Tuyến 
980 |a Trung tâm Học liệu Trường Đại học Cần Thơ